LEADER 00753nam0-22002771i-450- 001 990004000080403321 005 20040217100343.0 035 $a000400008 035 $aFED01000400008 035 $a(Aleph)000400008FED01 035 $a000400008 100 $a20040217d1961----km-y0itay50------ba 101 0 $aita 200 1 $aOspedali e cliniche universitarie$fC. Berguinot 210 $aNapoli$cFiorentino$d1961 215 $a1 v. (244 p.)$d30 cm 610 0 $aOspedali 610 0 $aCliniche 700 1$aBeguinot,$bCorrado$f<1924- >$02172 801 0$aIT$bUNINA$gRICA$2UNIMARC 901 $aBK 912 $a990004000080403321 952 $a15 F/8-53$fDINID 959 $aDINID 996 $aOspedali e cliniche universitarie$9107329 997 $aUNINA